00185nam a2200073Ia 4500082001200000245002200012100003600034008004100070 aAF SMIT 0an Sirkel voltooi  a SMITH, Bets Pretoria, 2001 210817s9999 xx 000 0 und d